000 00392nam a2200181Ia 4500
001 9018
005 20260306160652.0
008 260306t2005||||xx |||||||||||||| ||spa||
041 _aESP
082 _a372.242
_bM56
100 _aLexus
_eAUT
245 0 _aMi jardín
260 _c2005
300 _a489 páginas :
_c34 cm.
650 _aGEN
654 _aCED
942 _cLIB
_dJUS
_fJUS
_2ddc
_n
999 _c9018
_d9018